[Event "IECG QE.2003.0.00054"]
[Site "IECG email"]
[Date "2003.09.25"]
[Round "1"]
[White "Ergur, Fuat"]
[Black "Lois, Alek"]
[Result "1-0"]
[WhiteElo "1257"]
[BlackElo "1200"]
[PlyCount "98"]
[EventDate "2003.09.25"]
[EventType "tourn (corr)"]
[EventRounds "6"]
[SourceTitle "Corr 2008"]
[Source "ChessBase"]
[SourceDate "2008.06.24"]
[SourceVersion "1"]
[SourceVersionDate "2008.06.24"]
[SourceQuality "1"]

1. e4 d6 2. d4 Nf6 3. Nc3 g6 4. Nf3 Bg7 5. Be2 c6 6. 0-0 Nbd7 7. e5 dxe5 8. dxe5 Nd5 9. Nxd5 cxd5 10. Qxd5 Nxe5 11. Qxd8+ Kxd8 12. Rd1+ Bd7 13. Bf4 Nc6 14. Ng5 Ke8 15. Bc4 Nd8 16. c3 Bg4 17. f3 Bf5 18. g4 f6 19. gxf5 fxg5 20. Bxg5 gxf5 21. Rd5 Nf7 22. Bf4 e5 23. Be3 a6 24. Bd3 f4 25. Bb6 h5 26. Bg6 Rh6 27. Bxf7+ Kxf7 28. Rd7+ Kf6 29. Rxb7 Kf5 30. Rd1 Rg8 31. Kf1 Rc6 32. a4 h4 33. a5 Bf6 34. Ra7 h3 35. Rd2 e4 36. fxe4+ Kxe4 37. Rh7 Rh8 38. Re2+ Kf3 39. Rd7 Kg4 40. Re4 Rh5 41. Rc7 Rd6 42. Rcc4 Be5 43. Rc5 Rd2 44. Rexe5 Rxe5 45. Rxe5 Rxh2 46. Re8 Rxb2 47. Rg8+ Kf5 48. Bf2 Rc2 49. Ra8 Kg5 1-0